[Event "Memorial M.Najdorf (open)"]
[Site "masterchessopen.com - Warsaw (Poland)"]
[Date "2009.07.20"]
[Round "3"]
[White "Plichta Kamil (POL)"]
[Black "Zurkowski Andrzej (POL)"]
[Result "1-0"]
[WhiteElo "2039"]
[BlackElo "2150"]

1.d4 d6 2.Nf3 Nd7 3.c4 e5 4.Nc3 Ngf6 5.e4 c6 6.Be2 Qc7 7.O-O Be7 8.Be3 O-O
9.d5 Nc5 10.Nd2 a5 11.a3 Na6 12.b4 Bd7 13.Rb1 cxd5 14.Nxd5 Nxd5 15.cxd5 b5
16.Bd3 Rfc8 17.Qe2 Qb7 18.bxa5 Nc5 19.Bxb5 Rxa5 20.Bc6 Qa6 21.Qxa6 Rxa6 22.Bb7
Nxb7 23.Rxb7 Rd8 24.Bb6 {#r} 1-0

[Event "It (open)"]
[Site "masterchessopen.com - Dresden (Germany)"]
[Date "2009.07.27"]
[Round "3"]
[White "Boyarchenko Marie (LUX)"]
[Black "Womacka Mathias (GER)"]
[Result "1-0"]
[WhiteElo "2028"]
[BlackElo "2436"]

1.d4 d6 2.Nf3 Nf6 3.c4 Nbd7 4.Nc3 e5 5.e4 Be7 6.Be2 O-O 7.O-O c6 8.Qc2 b6
9.Rd1 Qc7 10.Bg5 h6 11.Be3 b5 12.a3 Bb7 13.Rac1 Rac8 14.Nh4 Rfe8 15.Nf5 Bf8
16.cxb5 cxb5 17.Qb1 Qb8 18.d5 Kh7 19.f3 g6 20.Ng3 h5 21.a4 bxa4 22.Nxa4 Bh6
23.Qd3 Bxe3+ 24.Qxe3 Rxc1 25.Rxc1 Rc8 26.Ra1 Qc7 {#r} 1-0

[Event "It (open)"]
[Site "masterchessopen.com - Latschach (Austria)"]
[Date "2009.08.08"]
[Round "1"]
[White "Ehs Christian (AUT)"]
[Black "Praznik Niko (SLO)"]
[Result "0-1"]
[WhiteElo "1927"]
[BlackElo "2379"]

1.d4 Nf6 2.c4 d6 3.Nc3 Nbd7 4.e4 e5 5.Nf3 Be7 6.dxe5 dxe5 7.Be2 c6 8.O-O O-O
9.Qc2 Qc7 10.Bg5 Nc5 11.Bh4 Bg4 12.h3 Bxf3 13.Bxf3 Ne6 14.Bxf6 Bxf6 15.Bg4 Nd4
16.Qd3 Rad8 17.Rad1 Qa5 18.Qb1 Qb4 19.Rc1 Bg5 20.Rcd1 Qxc4 21.g3 Qc5 22.Kh2
Bh6 23.f4 exf4 24.gxf4 Bxf4+ 25.Kh1 Bc7 26.Qd3 Qe5 {#R} 0-1

[Event "It (open) \"]
[Site "masterchessopen.com - Nuernberg (Germany)"]
[Date "2009.09.04"]
[Round "3"]
[White "Ginsburg Gennadij (GER)"]
[Black "Espig Lutz (GER)"]
[Result "0-1"]
[WhiteElo "2537"]
[BlackElo "2359"]

1.d4 Nf6 2.c4 d6 3.Nc3 Nbd7 4.Nf3 e5 5.e4 Be7 6.Be2 O-O 7.O-O c6 8.Re1 a6
9.Rb1 Qc7 10.Qc2 b5 11.b4 Re8 12.a4 Bb7 13.Bg5 exd4 14.Nxd4 bxc4 15.Bxc4 d5
16.Bd3 Ng4 17.Nf3 Bxg5 18.h3 Nxf2 19.Nxg5 Nxd3 20.Qxd3 Ne5 21.Qg3 d4 22.Ne2 h6
23.Nf3 c5 24.Nxe5 Rxe5 25.bxc5 Bxe4 26.Nxd4 Qxc5 27.Qe3 Rae8 28.Rbc1 Bc2 {#R}
0-1

[Event "Ch Mediterranean"]
[Site "masterchessopen.com - Rijeka (Croatia)"]
[Date "2009.09.15"]
[Round "7"]
[White "Rukavina Josip (CRO)"]
[Black "Galego Luis (POR)"]
[Result "0-1"]
[WhiteElo "2433"]
[BlackElo "2435"]

1.d4 Nf6 2.c4 d6 3.Nc3 Nbd7 4.e4 e5 5.Nf3 Be7 6.Be2 O-O 7.O-O exd4 8.Nxd4 Re8
9.Bf4 Bf8 10.f3 c6 11.Qd2 Ne5 12.Rad1 Bd7 13.h3 a6 14.a4 Ng6 15.Bh2 d5 16.exd5
cxd5 17.Nxd5 Nxd5 18.cxd5 Bc5 19.Bc4 Bxa4 20.b3 b5 21.bxa4 bxc4 22.Kh1 Qxd5
23.Bg1 Rad8 24.Qc2 Nf4 25.Ne2 Nxe2 26.Rxd5 Ng3+ 27.Kh2 Nxf1+ 28.Kh1 Rxd5
29.Qxc4 Ng3+ 30.Kh2 Bxg1+ {#R} 0-1

[Event "Ch Region"]
[Site "masterchessopen.com - Riazan (Russia)"]
[Round "0"]
[White "Raikin Leonid (RUS)"]
[Black "Ushakov Gennadiy (UKR)"]
[Result "1-0"]
[WhiteElo "2271"]
[BlackElo "2216"]

1.d4 Nf6 2.c4 d6 3.Nf3 Nbd7 4.Nc3 e5 5.e4 a5 6.Be2 Be7 7.O-O O-O 8.Qc2 Re8
9.dxe5 dxe5 10.Nd5 Bc5 11.Bg5 c6 12.Nxf6+ Nxf6 13.Rad1 Qe7 14.h3 h6 15.Bh4 Qe6
16.Bg3 Bd6 17.c5 Bc7 18.Nh4 g6 19.Bc4 Qe7 20.Nxg6 Qxc5 21.Bxf7+ Kxf7 22.Nh8+
Rxh8 23.Qxc5 Re8 24.f4 Kg7 25.fxe5 Nxe4 26.Qc4 Ng5 27.Rf6 Bxe5 28.Bxe5 Rxe5
29.Rdd6 Re7 30.Qd4 {#r} 1-0

[Event "Ch Provincial"]
[Site "masterchessopen.com - Camaguey (Cuba)"]
[Date "2009.11.06"]
[Round "1"]
[White "Mena Crespo Carlos (CUB)"]
[Black "Robaina Carlos (CUB)"]
[Result "1-0"]
[WhiteElo "2342"]
[BlackElo "2177"]

1.d4 Nf6 2.c4 d6 3.Nf3 Nbd7 4.Nc3 e5 5.e4 Be7 6.g3 O-O 7.Bg2 c6 8.O-O b5
9.cxb5 cxb5 10.dxe5 dxe5 11.Nxb5 Ba6 12.a4 Qb6 13.Be3 Qb7 14.Qe2 Rab8 15.Rfd1
Rfc8 16.Bh3 Rd8 17.Bg5 Nc5 18.Rxd8+ Bxd8 19.Bf1 Ncxe4 20.Be3 Ng4 21.Re1 Ba5
22.Rd1 Nxe3 23.fxe3 Nc5 24.b3 Nxb3 25.Nxe5 Bb6 26.Bg2 Qe7 27.Nc4 Bc5 28.Qd3
Bb4 29.Qxb3 {#r} 1-0

[Event "It (open)"]
[Site "masterchessopen.com - Medellin (Colombia)"]
[Date "2009.11.12"]
[Round "1"]
[White "Reyes Juan (PER)"]
[Black "Escobar Forero Alder (COL)"]
[Result "1-0"]
[WhiteElo "2435"]
[BlackElo "2478"]

1.d4 Nf6 2.Nf3 d6 3.c4 Nbd7 4.Nc3 e5 5.e4 Be7 6.Be2 O-O 7.O-O Re8 8.dxe5 dxe5
9.Qc2 c6 10.Bg5 Qc7 11.a3 a5 12.Rfd1 Nc5 13.h3 a4 14.Rab1 h6 15.Be3 Nfd7
16.Ne1 Qa5 17.Bd2 Qa6 18.Na2 Nf6 19.Nb4 Qa7 20.Be3 Nfxe4 21.Bf3 Nf6 22.Rd2 Qa5
23.Bxc5 Bxc5 {#r} 1-0

[Event "Ch World (juniors) (under 14)"]
[Site "masterchessopen.com - Kemer (Turkey)"]
[Date "2009.11.22"]
[Round "11"]
[White "Iskandar Bin Abdullah (SIN)"]
[Black "Skouvaklis Alexis (SUI)"]
[Result "0-1"]
[WhiteElo "1815"]
[BlackElo "2018"]

1.d4 Nf6 2.c4 d6 3.Nf3 Nbd7 4.Nc3 e5 5.e4 Be7 6.Be2 O-O 7.O-O c6 8.Re1 Qc7
9.Bf1 Re8 10.Bg5 h6 11.Bh4 g6 12.Qd2 Bf8 13.Rad1 Nh5 14.Bg3 Ndf6 15.b4 Bg4
16.c5 Rad8 17.Qe3 Nxg3 18.hxg3 exd4 19.Qxd4 dxc5 20.Qxf6 Bg7 21.Rxd8 Rxd8
22.Qh4 Bxf3 23.Re3 cxb4 24.Rxf3 bxc3 25.Bd3 Rxd3 {#R} 0-1

[Event "Tournament (open)"]
[Site "masterchessopen.com - Campinas (Brazil)"]
[Date "2009.12.13"]
[Round "5"]
[White "Name Gabriel (BRA)"]
[Black "Brito Erick"]
[Result "1-0"]
[WhiteElo "2226"]
[BlackElo "1827"]

1.d4 Nf6 2.c4 d6 3.Nf3 Nbd7 4.Nc3 e5 5.e4 Be7 6.Be2 O-O 7.O-O c6 8.Re1 Qc7
9.Bf1 Re8 10.Rb1 a5 11.b3 {#r} 1-0

[Event "It (open)"]
[Site "masterchessopen.com - Novy Bor (Czech Republic)"]
[Date "2010.02.14"]
[Round "2"]
[White "Vorobyov Yrij (UKR)"]
[Black "Drabek Miloslav (CZE)"]
[Result "1-0"]
[WhiteElo "2234"]
[BlackElo "2014"]

1.Nf3 Nf6 2.c4 d6 3.d4 Nbd7 4.Nc3 e5 5.e4 Be7 6.Be2 O-O 7.O-O c6 8.Re1 Re8
9.Bf1 a6 10.b3 b6 11.Bb2 Bb7 12.Qc2 Bf8 13.Rad1 Qc7 14.c5 exd4 15.cxb6 Nxb6
16.Nxd4 Nbd7 17.Nf5 Rad8 18.Qc1 Nc5 19.Qf4 Bc8 20.Ng3 Ncd7 21.Nce2 Ne5 22.Nd4
Ng6 23.Qc1 c5 24.f3 Qb6 25.Ndf5 Bxf5 26.Nxf5 Nd7 27.f4 Nb8 28.Bc4 Qc7 29.Qe3
Nxf4 30.Nh6+ {#r} 1-0

[Event "It \"]
[Site "masterchessopen.com - Banja Junakovic/Vukovar (Serbia)/(Croatia)"]
[Date "2010.03.15"]
[Round "2"]
[White "Szuhanek Ranko (ROM)"]
[Black "Goric Esad (CRO)"]
[Result "1-0"]
[WhiteElo "2504"]
[BlackElo "2365"]

1.Nf3 Nf6 2.c4 d6 3.d4 Nbd7 4.Nc3 e5 5.e4 c6 6.Be2 Be7 7.O-O O-O 8.Rb1 Re8
9.d5 c5 10.a3 b6 11.Ne1 Nf8 12.b4 Ng6 13.Nd3 a6 14.Be3 Qc7 15.Qb3 Bd7 16.bxc5
bxc5 17.Qb6 Rec8 18.Qxc7 Rxc7 19.Rb6 Rcc8 20.Rfb1 Be8 21.g3 Nd7 22.Rc6 Rcb8
23.Rxb8 Nxb8 24.Rc8 Kf8 25.Bd1 {#r} 1-0

[Event "Ch Croatia (juniors) (team) (under 20)"]
[Site "masterchessopen.com - Sv. Filip i Jakov (Croatia)"]
[Date "2010.04.06"]
[Round "2"]
[White "Buhin Denis (CRO)"]
[Black "Ostovic Matija (CRO)"]
[Result "0-1"]
[WhiteElo "1941"]
[BlackElo "2218"]

1.Nf3 d6 2.d4 Nf6 3.c4 Nbd7 4.Nc3 e5 5.e4 Be7 6.g3 O-O 7.Bg2 c6 8.O-O a6 9.b3
b5 10.Qc2 Qc7 11.Bb2 bxc4 12.bxc4 a5 13.Na4 Ba6 14.Rfd1 Rab8 15.Ba3 exd4
16.Nxd4 Ne5 17.Bf1 d5 18.Bxe7 Qxe7 19.cxd5 Bxf1 20.Kxf1 cxd5 21.Nf5 Qd7 22.Nc5
Qb5+ 23.Kg2 dxe4 24.Nxe4 Qb7 25.Nd6 Qa8 26.f3 Nxe4 27.Nxe4 Nxf3 28.Kh3 Qxe4
{#R} 0-1

[Event "Ch City"]
[Site "masterchessopen.com - Nis (Serbia)"]
[Date "2010.05.29"]
[Round "6"]
[White "Livaja B Mario (SRB)"]
[Black "Zivkovic Nemania (SRB)"]
[Result "1-0"]
[WhiteElo "2221"]
[BlackElo "2107"]

1.d4 Nf6 2.c4 d6 3.Nc3 Nbd7 4.e4 e5 5.Nf3 Be7 6.h3 c6 7.Be3 a5 8.Be2 a4 9.O-O
Qa5 10.Qc2 O-O 11.Rab1 Re8 12.b4 axb3 13.axb3 Bf8 14.b4 Qc7 15.Rfc1 exd4
16.Nxd4 g6 17.Rd1 Bg7 18.Rd2 Ra3 19.Ncb5 cxb5 20.Nxb5 Qb8 21.Nxa3 Nxe4 22.Nb5
Nxd2 23.Qxd2 Be5 24.Ba7 Qa8 25.Nc7 Qxa7 26.Nxe8 Qb6 27.Rd1 {#r} 1-0

[Event "Match \"]
[Site "masterchessopen.com - Kassel (Germany)"]
[Date "2010.06.19"]
[Round "1"]
[White "Mueller Fabian (GER)"]
[Black "Janoschka Arnd (GER)"]
[Result "0-1"]
[WhiteElo "2334"]
[BlackElo "2323"]

1.d4 d6 2.Nf3 Nf6 3.c4 Nbd7 4.Nc3 e5 5.e4 Be7 6.Be2 c6 7.O-O a6 8.Rb1 b5 9.b4
O-O 10.Re1 Qc7 11.Bf1 bxc4 12.Bxc4 a5 13.a3 axb4 14.axb4 Rb8 15.Qc2 d5 16.dxe5
Nxe5 17.Be2 Nfg4 18.Nxe5 Qxe5 19.Bxg4 Bxg4 20.Bd2 Bd6 21.f4 Qd4+ 22.Be3 Qc4
23.Qd2 Bxb4 24.Rbc1 dxe4 25.h3 Be6 26.Rc2 Rfd8 27.Qc1 Qb3 28.Rd1 Rd3 29.Rxd3
exd3 {#R} 0-1

[Event "It (open) (b)"]
[Site "masterchessopen.com - Chojnice (Poland)"]
[Date "2010.07.13"]
[Round "6"]
[White "Borodachev Svjatoslav (BLR)"]
[Black "Januszewski Piotr (POL)"]
[Result "1-0"]
[WhiteElo "1743"]
[BlackElo "1881"]

1.d4 Nf6 2.c4 d6 3.Nf3 Nbd7 4.Nc3 e5 5.e4 Be7 6.d5 O-O 7.Be2 c6 8.O-O a6 9.b4
c5 10.a3 b6 11.Be3 Ne8 12.bxc5 bxc5 13.Rb1 g6 14.Bh6 Ng7 15.Qd2 f6 16.Rb3 Qe8
17.Nd1 Rf7 {#r} 1-0

[Event "It"]
[Site "masterchessopen.com - Stara Pazova (Serbia)"]
[Date "2010.08.04"]
[Round "5"]
[White "Kosic Dragan (MNE)"]
[Black "Kovacevic Dragan (SRB)"]
[Result "1-0"]
[WhiteElo "2481"]
[BlackElo "2261"]

1.d4 Nf6 2.Nf3 d6 3.c4 Nbd7 4.Nc3 e5 5.e4 c6 6.Be2 Be7 7.O-O O-O 8.Be3 b6 9.d5
c5 10.Rb1 Ng4 11.Bd2 h6 12.Ne1 Ngf6 13.Nd3 Nh7 14.b4 f5 15.exf5 Rxf5 16.bxc5
bxc5 17.Ne4 Rf8 18.Bg4 Nhf6 19.Be6+ Kh8 20.Ng3 Nb6 21.Bxc8 Qxc8 22.Qc2 Qg4
23.f4 Qg6 24.Rbc1 Ng4 25.fxe5 Rxf1+ 26.Nxf1 Qe4 27.exd6 Bxd6 28.h3 Qd4+ 29.Kh1
Rf8 30.hxg4 {#r} 1-0

[Event "It (open) (juniors) (under 18)"]
[Site "masterchessopen.com - Bento Goncalves (Brazil)"]
[Date "2010.08.06"]
[Round "7"]
[White "Krysa Leandro (ARG)"]
[Black "Roldan Churio Renny Alfonso (VEN)"]
[Result "1-0"]
[WhiteElo "2271"]
[BlackElo "2091"]

1.d4 d6 2.Nf3 Nf6 3.c4 Nbd7 4.Nc3 e5 5.e4 Be7 6.Be2 O-O 7.O-O c6 8.Be3 Qc7
9.d5 Re8 10.Ne1 Nf8 11.Nd3 Ng6 12.Re1 h6 13.b4 Nh7 14.c5 f5 15.dxc6 bxc6
16.Qb3+ Kh8 17.Qf7 {#r} 1-0

[Event "Cup Wroclaw (open) (a)"]
[Site "masterchessopen.com - Wroclaw (Poland)"]
[Round "5"]
[White "Sulypa Alexandre (UKR)"]
[Black "Szczepkowska Karina (POL)"]
[Result "1-0"]
[WhiteElo "2495"]
[BlackElo "2303"]

1.d4 Nf6 2.c4 d6 3.Nc3 Nbd7 4.e4 e5 5.Nf3 Be7 6.Be2 O-O 7.O-O c6 8.Rb1 a6 9.b4
Re8 10.Qc2 Bf8 11.Be3 h6 12.h3 b5 13.d5 cxd5 14.cxd5 Nb6 15.Nd2 Bb7 16.a4 bxa4
17.Nxa4 Nfd7 18.Nxb6 Nxb6 19.Rfc1 Rc8 20.Qa2 Nd7 21.Nc4 Ra8 22.Na5 Bc8 23.Bg4
g6 24.Qa4 h5 25.Rxc8 Qxc8 26.Bxd7 {#r} 1-0

[Event "It (open)"]
[Site "masterchessopen.com - Curitiba (Brazil)"]
[Date "2010.11.20"]
[Round "4"]
[White "Pires Marcos Vinicius Torsani (BRA)"]
[Black "Bucci Andrea Vidigal (BRA)"]
[Result "1-0"]
[WhiteElo "2119"]
[BlackElo "1853"]

1.d4 d6 2.c4 Nd7 3.Nc3 Ngf6 4.e4 e5 5.Nf3 Be7 6.Be2 O-O 7.O-O c6 8.h3 Qc7
9.Re1 Rd8 10.Bf1 Nf8 11.Be3 Ng6 12.g3 Be6 13.Rb1 a6 14.b4 b5 15.cxb5 cxb5
16.Rc1 Qb7 17.d5 Bd7 18.Nd2 Rdc8 19.Nb3 Bd8 20.Qd3 Rc4 21.Qb1 Rcc8 22.Rc2 Bb6
23.Na5 Bxa5 24.bxa5 b4 25.Rec1 Rab8 26.Rb2 Rxc3 27.Rxc3 {#r} 1-0

[Event "Ch Europe (active)"]
[Site "masterchessopen.com - Warsaw (Poland)"]
[Date "2010.12.18"]
[Round "7"]
[White "Bagrationi Alexander (UKR)"]
[Black "Szczepkowska Karina (POL)"]
[Result "1-0"]
[WhiteElo "2460"]
[BlackElo "2303"]

1.d4 Nf6 2.c4 d6 3.Nc3 Nbd7 4.e4 e5 5.Nf3 Be7 6.Be2 O-O 7.O-O c6 8.h3 a6 9.a4
a5 10.Be3 Re8 11.Qc2 Bf8 12.Rfe1 h6 13.Bf1 exd4 14.Nxd4 Nc5 15.Bf4 Qb6 16.Rad1
Na6 17.Nf3 Rd8 18.Rd2 Nc5 19.Red1 Ne8 20.e5 Ne6 21.Bg3 dxe5 22.Rxd8 Nxd8
23.Nxe5 Nf6 24.c5 Qc7 25.Ng6 Bf5 26.Qxf5 fxg6 27.Qxf6 gxf6 28.Bxc7 {#r} 1-0

[Event "It (open)"]
[Site "masterchessopen.com - Geneva (Switzerland)"]
[Date "2010.12.26"]
[Round "1"]
[White "Khenkin Igor (GER)"]
[Black "Spiteri Jean (FRA)"]
[Result "1-0"]
[WhiteElo "2614"]
[BlackElo "2019"]

1.d4 Nf6 2.c4 d6 3.Nc3 Nbd7 4.e4 e5 5.Nf3 Be7 6.Be2 O-O 7.O-O c6 8.Be3 Re8
9.d5 c5 10.Ne1 Nf8 11.Nd3 h6 12.f4 exf4 13.Bxf4 N6h7 14.e5 Ng6 15.exd6 Nxf4
16.dxe7 Nxe2+ 17.Qxe2 Rxe7 18.Qf2 b6 19.b4 Nf6 20.bxc5 bxc5 21.Qxc5 Ba6 22.Nb4
Rc7 23.Nc6 Qc8 24.Rxf6 gxf6 25.Ne4 Qf5 26.Qd4 Rd8 27.Nxd8 Rxc4 28.Nd6 Rxd4
29.Nxf5 Rxd5 30.Ne7+ {#r} 1-0

[Event "It (open)"]
[Site "masterchessopen.com - Nova Gorica (Slovenia)"]
[Date "2011.01.28"]
[Round "1"]
[White "Markus Robert (SRB)"]
[Black "Ivanovic Andrej (SLO)"]
[Result "1-0"]
[WhiteElo "2635"]
[BlackElo "2016"]

1.d4 d6 2.Nf3 Nf6 3.c4 Nbd7 4.Nc3 e5 5.e4 c6 6.Be2 Be7 7.O-O O-O 8.Be3 a6 9.d5
c5 10.a3 Ne8 11.b4 b6 12.Rb1 g6 13.Ne1 Bg5 14.Bxg5 Qxg5 15.Nd3 Ng7 16.Qa4 f5
17.Qc6 {#r} 1-0

[Event "Ch Croatia (w)"]
[Site "masterchessopen.com - Topusko (Croatia)"]
[Date "2011.02.04"]
[Round "7"]
[White "Solic Kristina (CRO)"]
[Black "Racki Barbara (CRO)"]
[Result "1-0"]
[WhiteElo "2237"]
[BlackElo "1865"]

1.d4 Nf6 2.c4 d6 3.Nc3 Nbd7 4.e4 e5 5.Nf3 c6 6.Be2 Be7 7.O-O Qc7 8.Rb1 Nf8
9.b4 Ng6 10.h3 O-O 11.Re1 Nh5 12.Nxe5 dxe5 13.Bxh5 exd4 14.Qxd4 Bf6 15.Qe3 Ne5
16.Be2 Be6 17.Qg3 Qe7 18.Bf4 Bh4 19.Qe3 Nxc4 20.Bxc4 Bxc4 21.g3 g5 22.gxh4
gxf4 23.Qxf4 Kh8 24.Kh2 Rg8 25.e5 Qe6 26.Rbd1 Rad8 27.Rxd8 Rxd8 28.Ne4 Bd3
29.Ng5 {#r} 1-0

[Event "It (open)"]
[Site "masterchessopen.com - Novy Bor (Czech Republic)"]
[Date "2011.02.18"]
[Round "8"]
[White "Sedivy Roman (CZE)"]
[Black "Drabek Miloslav (CZE)"]
[Result "0-1"]
[WhiteElo "1813"]
[BlackElo "2005"]

1.d4 d6 2.Nf3 Nf6 3.c4 Nbd7 4.Nc3 e5 5.e4 Be7 6.Be2 O-O 7.O-O c6 8.Be3 Re8
9.h3 a6 10.a4 b6 11.Qc2 Bb7 12.Rad1 Qc7 13.dxe5 dxe5 14.Nd2 Bc5 15.Bg5 h6
16.Bxf6 Nxf6 17.Nb3 Be7 18.Rd3 Rad8 19.Rg3 Nh7 20.Bg4 Bg5 21.Ne2 Nf6 22.c5 b5
23.a5 Nxg4 24.Rxg4 Bc8 25.Rg3 Be6 26.Rd1 Rd7 27.Rgd3 Red8 28.Rxd7 Rxd7 29.Nec1
Qd8 {#R} 0-1

[Event "Ch Vietnam"]
[Site "masterchessopen.com - Dalat City (Vietnam)"]
[Date "2011.03.28"]
[Round "10"]
[White "Bao Khoa (VIE)"]
[Black "Le Huu Thai (VIE)"]
[Result "1-0"]
[WhiteElo "2239"]
[BlackElo "2053"]

1.d4 Nf6 2.c4 d6 3.Nc3 Nbd7 4.e4 e5 5.Nf3 c6 6.Be2 Qc7 7.O-O g6 8.b3 Bg7
9.dxe5 dxe5 10.Ba3 Qa5 11.Qc1 c5 12.Rb1 O-O 13.b4 Qa6 14.bxc5 Re8 15.Nb5 Qc6
16.Nd6 Re7 17.Qc3 Rb8 18.Rfd1 h6 19.Ne1 Re6 20.Nc2 a5 21.Rb5 Ra8 22.Qd3 Bf8
23.Ne3 Bxd6 24.cxd6 Qxe4 25.Qd2 Ne8 26.c5 Qa4 27.Rb3 Rf6 28.Nd5 Re6 29.Qxh6
{#r} 1-0

[Event "It (open)"]
[Site "masterchessopen.com - Semriach (Austria)"]
[Date "2011.04.27"]
[Round "1"]
[White "Schnider Gert (AUT)"]
[Black "Trummer Robert (AUT)"]
[Result "1-0"]
[WhiteElo "2358"]
[BlackElo "2050"]

1.d4 Nf6 2.c4 d6 3.Nc3 Nbd7 4.e4 e5 5.Nf3 c6 6.Be2 Be7 7.O-O O-O 8.h3 exd4
9.Nxd4 Nc5 10.Qc2 Qb6 11.Be3 Re8 12.Rad1 Bf8 13.Nb3 Qc7 14.Nxc5 dxc5 15.Bd3
Qe5 16.f4 Qh5 17.Qf2 g6 18.f5 g5 19.Qg3 Bh6 20.e5 Nd7 21.Be2 g4 22.Bxg4 Bxe3+
23.Qxe3 Qh4 24.e6 fxe6 25.g3 Qe7 26.f6 Qf7 27.Ne4 {#r} 1-0

[Event "Ch City"]
[Site "masterchessopen.com - Novokuznetsk (Russia)"]
[Round "4"]
[White "Lavrov Sergey V (RUS)"]
[Black "Shukan Alexander (RUS)"]
[Result "1-0"]
[WhiteElo "2373"]
[BlackElo "2159"]

1.d4 Nf6 2.c4 d6 3.Nc3 Nbd7 4.e4 e5 5.Nf3 Be7 6.Be2 O-O 7.O-O Re8 8.Re1 c6
9.d5 c5 10.a3 Nf8 11.b4 b6 12.Rb1 h6 13.Nd2 g5 14.Nf1 Ng6 15.g3 Bh3 16.Ne3 Qd7
17.Bf1 Bxf1 18.Rxf1 Qh3 19.Qf3 Nf4 20.bxc5 bxc5 21.Nf5 Ng4 22.Qh1 Ng6 23.f3
Nf6 24.Nd1 Qh5 25.g4 Nxg4 26.fxg4 Qxg4+ 27.Qg2 Qh5 28.Rb3 Kh8 29.Rh3 {#r} 1-0

[Event "It (open)"]
[Site "masterchessopen.com - Hradec Kralove (Czech Republic)"]
[Date "2011.05.12"]
[Round "5"]
[White "Fiedler Bedrich (CZE)"]
[Black "Paldus Petr (CZE)"]
[Result "0-1"]
[WhiteElo "2107"]
[BlackElo "2046"]

1.d4 d6 2.Nf3 Nd7 3.c4 e5 4.Nc3 Ngf6 5.e4 Be7 6.Be2 O-O 7.O-O c5 8.d5 h6 9.Ne1
Nh7 10.g3 Bg5 11.f4 exf4 12.gxf4 Bf6 13.Kh1 Re8 14.Bd3 Bxc3 15.bxc3 Ndf6
16.Qc2 Qe7 17.e5 dxe5 18.fxe5 Qxe5 19.Bf4 Qh5 20.Bg3 Ng5 21.Rf4 Bg4 22.Ng2 Nh3
23.Rff1 Bf3 24.Rae1 Rxe1 25.Rxe1 Ng4 26.Rf1 Ne3 {#R} 0-1

[Event "Ch SibFO (open)"]
[Site "masterchessopen.com - Barnaul (Russia)"]
[Date "2011.05.24"]
[Round "5"]
[White "Khatoev Eduard (RUS)"]
[Black "Telelyaev Alexander (RUS)"]
[Result "1-0"]
[WhiteElo "2300"]
[BlackElo "2119"]

1.d4 Nf6 2.Nf3 d6 3.c4 Nbd7 4.Nc3 e5 5.e4 Be7 6.Be2 O-O 7.O-O c6 8.Be3 a6 9.d5
c5 10.Ne1 Ne8 11.Qd2 g6 12.Nd3 Ng7 13.Bh6 f5 14.f4 Rf7 15.fxe5 dxe5 16.exf5
gxf5 17.Rf2 Qb6 18.Raf1 e4 19.Nxe4 Nf6 20.Ng5 Rf8 21.Bxg7 Kxg7 22.Nf4 Ne4
23.Nxe4 fxe4 24.Nh5+ Kg8 25.Qg5+ Qg6 26.Qxe7 {#r} 1-0

[Event "It \"]
[Site "masterchessopen.com - Bad Homburg (Germany)"]
[Date "2011.06.25"]
[Round "5"]
[White "Koch Markus (GER)"]
[Black "Partzsch Lukas (GER)"]
[Result "1-0"]
[WhiteElo "2104"]
[BlackElo "2090"]

1.d4 Nf6 2.c4 d6 3.Nc3 e5 4.Nf3 Nbd7 5.e4 Be7 6.Be2 c6 7.O-O O-O 8.Qc2 Qc7
9.h3 a6 10.Be3 b5 11.Rac1 b4 12.Na4 c5 13.dxe5 dxe5 14.Nd2 Bd6 15.Rfd1 Bb7
16.Bf3 Rfd8 17.Nf1 h6 18.Ng3 Nf8 19.Rxd6 Qxd6 20.Nf5 Qd3 21.Qxd3 Rxd3 22.Nxc5
{#r} 1-0

[Event "It (open)"]
[Site "masterchessopen.com - Karvina (Czech Republic)"]
[Date "2011.07.05"]
[Round "4"]
[White "Misiuga Andrzej (POL)"]
[Black "Stehlik Jiri (CZE)"]
[Result "1-0"]
[WhiteElo "2218"]
[BlackElo "2026"]

1.d4 Nf6 2.c4 d6 3.Nc3 Nbd7 4.e4 e5 5.Nf3 Be7 6.Be2 O-O 7.O-O c6 8.Be3 a6
9.Ne1 b5 10.Nc2 Bb7 11.cxb5 cxb5 12.d5 Nb6 13.a4 bxa4 14.Nxa4 Nfd7 15.Nxb6
Nxb6 16.Qd2 Nd7 17.b4 h6 18.Ra2 Bg5 19.Rfa1 f5 20.exf5 Nb6 21.Bxg5 Qxg5 22.Ne3
Rab8 23.Bxa6 Bxa6 24.Rxa6 Rxf5 25.Qc2 Rf7 26.Rxb6 Rxb6 27.Ra8+ Rf8 28.Rxf8+
Kxf8 29.Qc8+ {#r} 1-0

[Event "Ch Netherlands (open) (juniors) (under 12)"]
[Site "masterchessopen.com - Borne (Netherlands)"]
[Date "2011.08.03"]
[Round "7"]
[White "Chang Hawkie"]
[Black "Kanger Martijn"]
[Result "1-0"]
[WhiteElo "1477"]
[BlackElo "935"]

1.e4 d6 2.d4 Nf6 3.c4 Nbd7 4.Nc3 e5 5.Nf3 c6 6.Be2 Be7 7.O-O h6 8.a4 Qc7 9.h3
g5 10.Nh2 Nf8 11.Ng4 Ng8 12.d5 h5 13.Nh2 Nf6 14.Bxg5 N8h7 15.Bh6 Rg8 16.Kh1
Rg6 17.Be3 Bd7 18.b4 a6 19.a5 h4 20.Qb3 O-O-O 21.b5 axb5 22.cxb5 cxb5 23.Nxb5
Bxb5 24.Bxb5 Rdg8 25.Rfc1 Qxc1+ 26.Rxc1+ Kd8 27.Bb6# 1-0

[Event "It (open)"]
[Site "masterchessopen.com - Ptuj (Slovenia)"]
[Date "2011.08.18"]
[Round "9"]
[White "Spalir Jernej (SLO)"]
[Black "Jaklin Damir (CRO)"]
[Result "1-0"]
[WhiteElo "2165"]
[BlackElo "1972"]

1.d4 Nf6 2.c4 d6 3.Nf3 Nbd7 4.Nc3 e5 5.e4 Be7 6.Be2 O-O 7.O-O exd4 8.Nxd4 Nc5
9.f3 Re8 10.Be3 Bf8 11.Qc2 g6 12.Rfd1 a5 13.a3 a4 14.Ndb5 Nb3 15.Rab1 c6
16.Nd4 Qb6 17.Nxa4 Rxa4 18.Qxb3 Qxb3 19.Nxb3 d5 20.cxd5 Nxd5 21.Rxd5 cxd5
22.Bb5 Raxe4 23.fxe4 Rxe4 24.Bd4 Bf5 25.Bd3 Rxd4 26.Bxf5 Ra4 27.Bc8 b6 28.Bb7
d4 29.Bc6 Rc4 30.Rc1 {#r} 1-0

[Event "Memorial Kesarovski-Stanchev (open)"]
[Site "masterchessopen.com - Sunny Beach (Bulgaria)"]
[Date "2011.09.03"]
[Round "8"]
[White "Georgescu Tiberiu (ROM)"]
[Black "Karadimov Marin (BUL)"]
[Result "1-0"]
[WhiteElo "2397"]
[BlackElo "2062"]

1.Nf3 Nf6 2.c4 d6 3.d4 Nbd7 4.Nc3 e5 5.e4 Be7 6.Be2 O-O 7.O-O c6 8.Re1 exd4
9.Nxd4 d5 10.exd5 cxd5 11.cxd5 Nb6 12.Bf3 Bb4 13.Bg5 Bxc3 14.bxc3 Nbxd5 15.Qb3
Qa5 16.c4 Nc7 17.Bxf6 gxf6 18.Bxb7 Bxb7 19.Qxb7 Rae8 20.Nf3 Rxe1+ 21.Rxe1 Rb8
22.Qxb8+ {#r} 1-0

[Event "Ch Region (open)"]
[Site "masterchessopen.com - Rostov on Don (Russia)"]
[Round "1"]
[White "Kornyukov Alexey (RUS)"]
[Black "Vartanian Eduard (RUS)"]
[Result "1-0"]
[WhiteElo "2483"]
[BlackElo "2107"]

1.d4 Nf6 2.c4 d6 3.Nc3 Nbd7 4.e4 e5 5.Nf3 Be7 6.h3 h6 7.Be3 c6 8.Bd3 Qc7 9.Qd2
O-O 10.g4 Nh7 11.d5 Nb6 12.b3 Qd8 13.O-O-O Kh8 14.Rdg1 cxd5 15.exd5 f5 16.gxf5
Bxf5 17.Bxh6 g6 18.h4 Qd7 19.h5 g5 20.Nxg5 Bxg5 21.Bxg5 Bxd3 22.Qxd3 Nxg5
23.Rxg5 Qh7 24.Qxh7+ Kxh7 25.Rhg1 Rf7 26.Ne4 Rd8 27.Rg6 {#r} 1-0